| 000 | 01395nam0a22003251 4500 | ||
|---|---|---|---|
| 001 | v19\rc\1956943 | ||
| 005 | 20260406093950.0 | ||
| 035 | _a(NLR Aleph) 005041201 | ||
| 090 |
_a6795499 _c6795499 |
||
| 100 | _a20080428d1913 u y0rusy50 ca | ||
| 101 | 0 | _arus | |
| 102 | _aRU | ||
| 105 | _aac z ||||| | ||
| 200 | 1 |
_aПервый русский царь из Дома Романовых Михаил Феодорович _fГ. Северцев-Полилов |
|
| 210 |
_aСанкт-Петербург _cСел. вестн. _d1913 _aМосква _cт-во И.Д. Сытина _d1913 _eСанкт-Петербург |
||
| 215 |
_a56 с. _cил., портр. _d20 |
||
| 300 | _aЗагл. обл.: Первый царь из Дома Романовых Михаил Феодорович | ||
| 512 | 0 | _aПервый царь из Дома Романовых Михаил Феодорович | |
| 700 | 1 |
_8rus _7ca _aПолилов _bГ. Т. _f1859-1915 _gГеоргий Тихонович _3RU\NLR\AUTH\7767814 _950742 |
|
| 702 | 0 |
_4570 _8rus _7ca _aМихаил Федорович _cцарь русский _f1596-1645 _3RU\NLR\AUTH\7721331 _94393 |
|
| 801 | 0 |
_aRU _bNLR _gpsbo |
|
| 801 | 0 |
_aRU _bRuMoRGB _2psbo |
|
| 801 | 1 |
_aRU _bProSoft-M _2rusmarc |
|
| 852 |
_aNLR _j18.275.5.130 |
||
| 899 |
_aRuMoRGB _jV 121/282 |
||
| 899 | _aБАН | ||
| 899 | _aГПИБ | ||
| 942 | _cBOOK | ||
| 980 | _aNB | ||